000 00993nam a2200289 a 4500
001 74812
003 BD-RjUL
005 20211209082615.0
008 181208s1976 enka bp 000 0 eng
020 _a0521211751 :
_c$18.00.
_a052121176X
_c$8.00
035 _a(BD-RjUL)75030
040 _aDLC
_cDLC
_dDLC
_dBD-RjUL
_beng
041 _aeng
082 0 0 _223
_a571.6
_bDYN 1976
245 0 0 _aDynamic aspects of cells /
_cMichael A. Tribe ... [et al.].
260 _aCambridge [Eng.] ;
_aNew York :
_bCambridge University Press,
_c1976.
300 _aviii, 119 p. :
_bill. ;
_c31 cm.
490 1 _aBasic biology course ; book 3 : Unit 1, Microscopy and its application to biology
500 _a"Masking card" (1 leaf) inserted.
504 _aBibliography: p. 119.
650 0 _aCytology
_xProgrammed instruction.
_9225699
700 1 _aTribe, Michael A.
_9225703
830 0 _aBasic biology course ;
_vbook 3.
_9225704
942 _2ddc
_cBK
999 _c74812
_d74812